000 00262nam a22001217a 4500
041 _aENG
100 _aTaiganides .E.P
245 _aAnimal Wastes
260 _aLandon
_bApplied Science Pub
_c1977
300 _a429
650 _aAPE ( 02 )
856 _uAPE ( 02 )
999 _c2854
_d2854